000
00300nam a2200109Ia 4500
008
230907s9999||||xx |||||||||||||| ||und||
082
_a
297.577
_b
ISL
245
0
_a
Islam ka khandani nizam /
260
_a
National University of /Science and Technology,
_b
Islamabad :
300
_a
452 p.
942
_c
BK
999
_c
597412
_d
597412